000 00762nam a22002657a 4500
001 BR8007092
003 BR-BrBNA
005 20230928090824.0
007 ta
008 230509b bl.||||| |||| 00| 0 por d
040 _aBR-BrBNA
_bpor
_cBiblioteca Nacional de Agricultura
041 _a(Por)
072 _aF00; E15
_b2110
_b/G514
090 _ 2110 BR8007092
110 1 _aComissao Executiva do Plano da Lavoura Cacaueira, Belem, PA (Brasil). Depto. Especial da Amazonia
_92095
245 1 _aA cacauicultura no Maranhao [Brasil]
260 3 _aBelem, PA (Brasil):
_c1980.
300 _a28 p.
650 _aCACAU
650 _aINVESTIMENTO
650 _aRECURSO ECONOMICO
650 _aMARANHAO
909 _a202309
_bLucia
_c55
_dLucia Elande
942 _cBK
999 _c30733
_d30733